Score 0/14 Timer 03:00
0 Plays Today
Show Missing Word % Correct
Baa Baa _____ SheepBlack
93.6%
_____ of BrothersBand
91.7%
_____ HeroesHogan's
85.3%
Gomer _____, USMCPyle
84.5%
_____ WivesArmy
83.9%
McHale's _____Navy
82.5%
_____ TroopF
66.3%
Show Missing Word % Correct
China _____Beach
57.1%
The _____ Silvers ShowPhil
56.3%
_____ ResortLast
51.8%
Private _____Benjamin
49.7%
The _____ PatrolRat
44.7%
_____ of DutyTour
40.4%
Generation _____Kill
12.1%

Today's Daily Dose

Remove Ads.
Support Sporcle.
Get the best of Sporcle when you Go Orange. This ad-free experience offers more features, more stats, and more fun while also helping to support Sporcle. Thank you for becoming a member.

You're not logged in!

Compare scores with friends on all Sporcle quizzes.
OR
Log In

Show Comments

Extras

Top Quizzes Today


Score Distribution

Your Account Isn't Verified!

In order to create a playlist on Sporcle, you need to verify the email address you used during registration. Go to your Sporcle Settings to finish the process.

Report this User

Report this user for behavior that violates our Community Guidelines.

Details: